00426nam a22001097a 4500003000400000082001800004100002200022245019700044260004600241300000900287650002000296SGT a617.632bE17K aKAUR, TABEYA DEEP aEXPLORATION OF ASSOCIATION BETWEEN CHRONIC PERIODONTITIS AND SLEEP DEPRIVATION AND EVALUATION OF THIS INTER- RELATIONSHIP WITH STRESS HORMONE (CORTISOL) LEVELS: A CLINICO- IMMUNOLOGICAL STUDY  aDELHI NCRbSGT UNIVERSITY GURUGRAM c2017 a1-94 aPERIODONTOLOGY